|
|
|
|
| LEADER |
00698cam a2200193 a 4500 |
| 001 |
c000108673 |
| 003 |
CARM |
| 005 |
19990223000000.0 |
| 008 |
990310s1970 enk 000 1 eng d |
| 019 |
1 |
|
|a 13212238
|5 LACONCORD2021
|
| 035 |
|
|
|a (OCoLC)2778859
|5 LACONCORD2021
|
| 040 |
|
|
|a VYML
|b eng
|c VYML
|d VLINC
|
| 100 |
1 |
|
|a Sinclair, Upton.
|
| 245 |
1 |
0 |
|a World's end ; 1913-1919 / Upton Sinclair.
|
| 260 |
|
|
|a Portway :
|b Cedric Chivers Ltd.,
|c 1970
|
| 300 |
|
|
|a 627 p.
|
| 852 |
8 |
|
|b CARM
|h A2:AJ08G0
|i A02277
|p 0155945
|f BK
|
| 999 |
f |
f |
|i 674d1572-cd78-593b-82d7-a75db405de59
|s 24154204-05bd-5250-afbd-41cc32c2957c
|
| 952 |
f |
f |
|p Can circulate
|a CAVAL
|b CAVAL
|c CAVAL
|d CARM 1 Store
|e A02277
|f A2:AJ08G0
|h Other scheme
|i book
|m 0155945
|